| 000 | 00923nam a22002897a 4500 | ||
|---|---|---|---|
| 003 | CHAP | ||
| 005 | 20220329135525.0 | ||
| 008 | 971013s r 00010 d | ||
| 010 | _a38026 | ||
| 011 | _a38998 | ||
| 035 | _a43118 | ||
| 040 | _cCHAP | ||
| 090 | _aFolleto 9799 | ||
| 100 | 0 | 0 |
_aMinges, P. A. _975951 |
| 245 | _aInstrucciones para escoger tomates para la fábrica de conservas | ||
| 260 |
_a(s.l.) : _bUniversity of California. Agricultura Experimental Station, _c198 ? |
||
| 300 | _aHoja desplegable | ||
| 590 |
_aBATCH-UPD _b10 _c20130110 _lUCH01 _h2143 |
||
| 590 |
_aBATCH-UPD _b10 _c20130410 _lUCH01 _h1452 |
||
| 590 |
_aBATCH-UPD _b10 _c20130914 _lUCH01 _h1736 |
||
| 590 |
_aCONVERSION _b10 _c20130109 _lUCH01 _h1321 |
||
| 650 | 1 | 4 |
_aTomate _xRecolección. _9113760 |
| 700 | 0 |
_aMacGillivray, John H. _969379 |
|
| 901 | _aBK | ||
| 942 | _cFOLL | ||
| 949 |
_aFolleto 9799 _bBC _cFOLL _d-99001 _eTS1 _i43118 _mD _si |
||
| 999 |
_c38026 _d38026 |
||